000 00721nam a2200229 i 4500
001 000047408
003 DO-SdBNP
005 20240123103130.0
007 ta
008 180515s1991 dr 000 spa d
040 _aDO-SdBNP
_bspa
_cBNPHU
_erda
082 4 _22
245 0 0 _aDirectorio de investigaciones en marcha de la República Dominicana.
264 _aSanto Domingo :
_bInstituto Dominicano de Tecnología Industrial
_bBanco Central de la República Dominicana,
_c1991.
300 _a69 páginas ;
_c28 cm.
336 _2rdacontent
_atexto
_btxt
337 _2rdamedia
_asin mediación
_bn
338 _2rdacarrier
_avolumen
_bnc
590 _aInventariado,2023/BT
910 _aBtavárez
942 _2ddc
_cLBS1
999 _c46896
_d46896